000 00465nam a2200181Ia 4500
008 240925s9999 xx 000 0 und d
020 _a9788130919034
082 _a149.97 WOO
100 _aWoods, Tim
245 0 _aBeginning Post Modernism
250 _a2nd
260 _aNew Delhi:
_bViva Books
_c,2018.
300 _aVarious pages
_b0
_fOriginal
500 _aIncludes Index
600 _aHumanities & Natural Science
650 _aPsychology
942 _cBK
999 _c16206
_d16206